| 000 | 00754nam a2200265 4500 | ||
|---|---|---|---|
| 001 | 12732 | ||
| 003 | ES-MaACL | ||
| 005 | 20230906192020.0 | ||
| 007 | t| | ||
| 008 | 890220s1982 sp ||||0| spa j | ||
| 016 | 7 | _zIBH82013314 | |
| 020 | _a84-322-1339-3 | ||
| 040 |
_aIBH _bspa _cM-BN-DP |
||
| 080 | _a860(82)-31"19" | ||
| 100 | 1 |
_aPuig, Manuel. _994236 |
|
| 245 | 1 | 0 |
_aSangre de amor correspondido / _cManuel Puig. |
| 250 | _a[1ª ed.]. | ||
| 260 |
_aBarcelona [etc.] : _bSeix Barral, _c1982. |
||
| 300 |
_a208 p., 1 h ; _c19 cm. |
||
| 490 | 1 | _aNueva narrativa hispánica | |
| 830 | 0 |
_aNueva narrativa hispánica _9180692 |
|
| 852 |
_aES-MaACL _jL-20125 _bR.114215 |
||
| 852 |
_aES-MaACL _jL-3515 _bR.104181 |
||
| 999 |
_c12732 _d12732 |
||